00885nab a2200181 i 45000010005000000030009000050050017000140080039000310400029000700410013000991000138001122450111002506550030003617110108003917730176004999420013006759990015006889377KOSZ 00520180329135701.0180327s1998 pl | | |100 ||eng cKOSZ 005/ARaKOSZ 005/AR apolbpol1 aŻUREK-PYSZ, Urszula.d1996 - .bPolitechnika Koszalińska - Wydział Budownictwa i Inżynierii Środowiska,cKatedra Geotechniki10aMineral composition of the zircon sand of the Mielno beach (the Middle Pomerania) /cUrszula Żurek-Pysz. 0aMateriały konferencyjne.22a Symposium on Glacial Geology at the Baltic Sea Coast in Northern Poland d(1998 ; cSzczecin, Polska)  iW :tField symposium on glacial geology at the Baltic Sea coast in Northern Poland, 13-19 September 1998 : abstracts of papers and posters. - dSzczecin. -g1998, s. 44-45 cROZ2UKD c9377d9377